[Event "April 9 Late 2024"]
[Site "Chess.com"]
[Date "2024.04.09"]
[Round "2"]
[White "Stankovic, Boris"]
[Black "Lauda, Alexandr"]
[Result "1-0"]
[Board "135"]
[WhiteFideId "985317"]
[BlackFideId "13903179"]
[WhiteTitle "FM"]
[BlackTitle "CM"]
[WhiteElo "2528"]
[BlackElo "2336"]
[WhiteTeam "SRB"]
[BlackTeam "MDA"]
[WhiteClock "0:01:23"]
[BlackClock "0:00:00"]
[Variant "Standard"]

1. g3 {[%clk 0:03:00]}  Nf6 {[%clk 0:02:56]} 2. Bg2 {[%clk 0:03:00]}  d5 {[%clk 0:02:56]} 3. b3 {[%clk 0:03:00]}  c5 {[%clk 0:02:53]} 4. Bb2 {[%clk 0:02:59]}  Nc6 {[%clk 0:02:53]} 5. d3 {[%clk 0:02:59]}  e5 {[%clk 0:02:42]} 6. Nd2 {[%clk 0:02:58]}  Be7 {[%clk 0:02:41]} 7. e4 {[%clk 0:02:58]}  Be6 {[%clk 0:02:39]} 8. Ne2 {[%clk 0:02:57]}  O-O {[%clk 0:02:38]} 9. O-O {[%clk 0:02:57]}  dxe4 {[%clk 0:02:36]} 10. Nxe4 {[%clk 0:02:56]}  Nxe4 {[%clk 0:02:35]} 11. Bxe4 {[%clk 0:02:54]}  Bd5 {[%clk 0:02:30]} 12. Nc3 {[%clk 0:02:37]}  Bxe4 {[%clk 0:02:29]} 13. dxe4 {[%clk 0:02:38]}  Nd4 {[%clk 0:02:18]} 14. Nd5 {[%clk 0:02:35]}  Ne6 {[%clk 0:02:17]} 15. Bxe5 {[%clk 0:02:32]}  Rc8 {[%clk 0:01:59]} 16. Qe2 {[%clk 0:02:14]}  Bd6 {[%clk 0:01:51]} 17. Bb2 {[%clk 0:02:09]}  Qg5 {[%clk 0:01:46]} 18. Rad1 {[%clk 0:02:05]}  Rcd8 {[%clk 0:01:39]} 19. h4 {[%clk 0:01:56]}  Qh6 {[%clk 0:01:39]} 20. Qg4 {[%clk 0:01:52]}  Kh8 {[%clk 0:01:10]} 21. f4 {[%clk 0:01:40]}  c4 {[%clk 0:00:33]} 22. f5 {[%clk 0:01:31]}  Bc5+ {[%clk 0:00:14]} 23. Kg2 {[%clk 0:01:28]}  cxb3 {[%clk 0:00:06]} 24. axb3 {[%clk 0:01:25]}  Rxd5 {[%clk 0:00:00]} 25. Rxd5 {[%clk 0:01:23]} 1-0

[Event "April 9 Late 2024"]
[Site "Chess.com"]
[Date "2024.04.09"]
[Round "2"]
[White "Silva, Luca"]
[Black "Gruzman, Ilya"]
[Result "1-0"]
[Board "138"]
[WhiteFideId "147370"]
[BlackFideId "2812703"]
[WhiteTitle "FM"]
[BlackTitle "CM"]
[WhiteElo "2515"]
[BlackElo "2323"]
[WhiteTeam "ARG"]
[BlackTeam "ISR"]
[WhiteClock "0:01:32"]
[BlackClock "0:01:01"]
[Variant "Standard"]

1. d4 {[%clk 0:03:00]}  d5 {[%clk 0:02:59]} 2. Bf4 {[%clk 0:03:00]}  e6 {[%clk 0:02:59]} 3. e3 {[%clk 0:03:00]}  Nf6 {[%clk 0:03:00]} 4. Nd2 {[%clk 0:02:55]}  Be7 {[%clk 0:03:00]} 5. Ngf3 {[%clk 0:02:55]}  O-O {[%clk 0:03:00]} 6. Bd3 {[%clk 0:02:55]}  c5 {[%clk 0:03:00]} 7. c3 {[%clk 0:02:55]}  Nc6 {[%clk 0:03:00]} 8. h4 {[%clk 0:02:54]}  b6 {[%clk 0:02:59]} 9. Ne5 {[%clk 0:02:54]}  Bb7 {[%clk 0:02:58]} 10. Rh3 {[%clk 0:02:51]}  Nxe5 {[%clk 0:02:54]} 11. dxe5 {[%clk 0:02:51]}  Ne4 {[%clk 0:02:55]} 12. Qc2 {[%clk 0:02:29]}  f5 {[%clk 0:02:31]} 13. exf6 {[%clk 0:02:20]}  Nxf6 {[%clk 0:02:29]} 14. h5 {[%clk 0:02:20]}  c4 {[%clk 0:02:23]} 15. Bxh7+ {[%clk 0:01:50]}  Nxh7 {[%clk 0:02:22]} 16. h6 {[%clk 0:01:51]}  Rf7 {[%clk 0:02:05]} 17. Qg6 {[%clk 0:01:46]}  Bg5 {[%clk 0:01:47]} 18. hxg7 {[%clk 0:01:33]}  Rxg7 {[%clk 0:01:37]} 19. Qxe6+ {[%clk 0:01:33]}  Kf8 {[%clk 0:01:22]} 20. Bxg5 {[%clk 0:01:32]}  Qxg5 {[%clk 0:01:01]} 21. Rf3+ {[%clk 0:01:32]} 1-0

[Event "April 9 Late 2024"]
[Site "Chess.com"]
[Date "2024.04.09"]
[Round "2"]
[White "Vifleemskaia, Svetlana"]
[Black "Kubicka, Anna"]
[Result "0-1"]
[Board "139"]
[WhiteFideId "4129490"]
[BlackFideId "1152254"]
[WhiteTitle "WFM"]
[BlackTitle "WIM"]
[WhiteElo "2321"]
[BlackElo "2513"]
[WhiteTeam "RUS"]
[BlackTeam "POL"]
[WhiteClock "0:00:08"]
[BlackClock "0:00:49"]
[Variant "Standard"]

1. d4 {[%clk 0:03:00]}  Nf6 {[%clk 0:02:58]} 2. c4 {[%clk 0:03:00]}  c5 {[%clk 0:02:59]} 3. d5 {[%clk 0:02:59]}  e6 {[%clk 0:03:00]} 4. Nc3 {[%clk 0:02:58]}  exd5 {[%clk 0:03:01]} 5. cxd5 {[%clk 0:02:59]}  d6 {[%clk 0:03:01]} 6. e4 {[%clk 0:03:00]}  g6 {[%clk 0:03:02]} 7. Bb5+ {[%clk 0:03:00]}  Bd7 {[%clk 0:03:01]} 8. a4 {[%clk 0:03:01]}  Bg7 {[%clk 0:03:01]} 9. Nf3 {[%clk 0:03:01]}  O-O {[%clk 0:03:01]} 10. O-O {[%clk 0:03:01]}  Bg4 {[%clk 0:03:01]} 11. h3 {[%clk 0:02:58]}  Bxf3 {[%clk 0:03:01]} 12. Qxf3 {[%clk 0:02:59]}  Nbd7 {[%clk 0:03:01]} 13. Bf4 {[%clk 0:02:58]}  a6 {[%clk 0:02:59]} 14. Bd3 {[%clk 0:02:49]}  Qe7 {[%clk 0:02:53]} 15. Rfe1 {[%clk 0:02:43]}  Nh5 {[%clk 0:02:48]} 16. Bh2 {[%clk 0:02:40]}  Ne5 {[%clk 0:02:48]} 17. Qe2 {[%clk 0:02:39]}  Nxd3 {[%clk 0:02:46]} 18. Qxd3 {[%clk 0:02:39]}  Qg5 {[%clk 0:02:33]} 19. Bxd6 {[%clk 0:02:26]}  Bd4 {[%clk 0:02:27]} 20. Bh2 {[%clk 0:02:13]}  Rad8 {[%clk 0:02:11]} 21. Qf3 {[%clk 0:02:07]}  Rfe8 {[%clk 0:02:01]} 22. Qg4 {[%clk 0:02:00]}  Qxg4 {[%clk 0:01:46]} 23. hxg4 {[%clk 0:01:59]}  Nf6 {[%clk 0:01:46]} 24. g5 {[%clk 0:01:35]}  Bxc3 {[%clk 0:01:44]} 25. gxf6 {[%clk 0:01:32]}  Bxe1 {[%clk 0:01:41]} 26. Rxe1 {[%clk 0:01:30]}  Rxd5 {[%clk 0:01:41]} 27. Bf4 {[%clk 0:01:07]}  Rf5 {[%clk 0:01:30]} 28. Bd6 {[%clk 0:00:59]}  Rxf6 {[%clk 0:01:26]} 29. Bxc5 {[%clk 0:00:58]}  Rfe6 {[%clk 0:01:25]} 30. f3 {[%clk 0:00:50]}  f5 {[%clk 0:01:25]} 31. Rd1 {[%clk 0:00:48]}  fxe4 {[%clk 0:01:25]} 32. fxe4 {[%clk 0:00:49]}  Rxe4 {[%clk 0:01:26]} 33. Rd7 {[%clk 0:00:48]}  Re1+ {[%clk 0:01:19]} 34. Kh2 {[%clk 0:00:47]}  b5 {[%clk 0:01:18]} 35. axb5 {[%clk 0:00:46]}  axb5 {[%clk 0:01:19]} 36. b4 {[%clk 0:00:43]}  R1e2 {[%clk 0:01:03]} 37. Kg3 {[%clk 0:00:29]}  R8e5 {[%clk 0:00:58]} 38. Kf3 {[%clk 0:00:21]}  Rc2 {[%clk 0:00:52]} 39. Bd4 {[%clk 0:00:17]}  Rf5+ {[%clk 0:00:51]} 40. Ke4 {[%clk 0:00:16]}  Rxg2 {[%clk 0:00:50]} 41. Rg7+ {[%clk 0:00:15]}  Kf8 {[%clk 0:00:50]} 42. Rxh7 {[%clk 0:00:14]}  Rg4+ {[%clk 0:00:49]} 43. Kd3 {[%clk 0:00:08]}  Rd5 {[%clk 0:00:49]} 0-1

[Event "April 9 Late 2024"]
[Site "Chess.com"]
[Date "2024.04.09"]
[Round "2"]
[White "Dziewonski, Dariusz"]
[Black "McLaren, Brian"]
[Result "1-0"]
[Board "142"]
[WhiteFideId "21835829"]
[BlackFideId "2604612"]
[WhiteTitle "FM"]
[WhiteElo "2511"]
[BlackElo "2316"]
[WhiteTeam "POL"]
[BlackTeam "CAN"]
[WhiteClock "0:00:10"]
[BlackClock "0:01:08"]
[Variant "Standard"]

1. e4 {[%clk 0:03:00]}  Nf6 {[%clk 0:02:59]} 2. Nc3 {[%clk 0:02:58]}  d5 {[%clk 0:02:59]} 3. exd5 {[%clk 0:02:58]}  Nxd5 {[%clk 0:02:59]} 4. Qf3 {[%clk 0:02:58]}  c6 {[%clk 0:02:59]} 5. Nxd5 {[%clk 0:02:56]}  Qxd5 {[%clk 0:02:58]} 6. Qxd5 {[%clk 0:02:57]}  cxd5 {[%clk 0:02:59]} 7. d4 {[%clk 0:02:57]}  Nc6 {[%clk 0:02:58]} 8. c3 {[%clk 0:02:57]}  Bf5 {[%clk 0:02:56]} 9. Bf4 {[%clk 0:02:57]}  e6 {[%clk 0:02:56]} 10. Nf3 {[%clk 0:02:51]}  Be7 {[%clk 0:02:56]} 11. Bb5 {[%clk 0:02:42]}  O-O {[%clk 0:02:56]} 12. Bxc6 {[%clk 0:02:42]}  bxc6 {[%clk 0:02:55]} 13. b4 {[%clk 0:02:43]}  a5 {[%clk 0:02:55]} 14. bxa5 {[%clk 0:02:34]}  Rxa5 {[%clk 0:02:55]} 15. O-O {[%clk 0:02:33]}  Rfa8 {[%clk 0:02:54]} 16. Ne5 {[%clk 0:02:29]}  R8a6 {[%clk 0:02:44]} 17. g4 {[%clk 0:02:00]}  Bc2 {[%clk 0:02:38]} 18. Rfc1 {[%clk 0:01:57]}  Ba4 {[%clk 0:02:25]} 19. Rcb1 {[%clk 0:01:36]}  g5 {[%clk 0:02:24]} 20. Bd2 {[%clk 0:01:28]}  Bc2 {[%clk 0:02:19]} 21. Rb8+ {[%clk 0:01:15]}  Kg7 {[%clk 0:02:18]} 22. Rb7 {[%clk 0:01:15]}  Kf8 {[%clk 0:02:12]} 23. Nd7+ {[%clk 0:00:59]}  Ke8 {[%clk 0:02:08]} 24. Nb8 {[%clk 0:01:00]}  Rxa2 {[%clk 0:01:56]} 25. Rxa2 {[%clk 0:00:57]}  Rxa2 {[%clk 0:01:56]} 26. Nxc6 {[%clk 0:00:58]}  Bf6 {[%clk 0:01:49]} 27. Nb4 {[%clk 0:00:31]}  Ra1+ {[%clk 0:01:45]} 28. Kg2 {[%clk 0:00:32]}  Be4+ {[%clk 0:01:45]} 29. f3 {[%clk 0:00:32]}  Rd1 {[%clk 0:01:43]} 30. Be3 {[%clk 0:00:27]}  Bg6 {[%clk 0:01:39]} 31. Rb8+ {[%clk 0:00:26]}  Ke7 {[%clk 0:01:39]} 32. Rb7+ {[%clk 0:00:26]}  Kd6 {[%clk 0:01:37]} 33. Bf2 {[%clk 0:00:25]}  Rd2 {[%clk 0:01:34]} 34. Kg1 {[%clk 0:00:26]}  h5 {[%clk 0:01:33]} 35. Bg3+ {[%clk 0:00:24]}  e5 {[%clk 0:01:29]} 36. Rb6+ {[%clk 0:00:24]}  Ke7 {[%clk 0:01:27]} 37. Nxd5+ {[%clk 0:00:25]}  Kf8 {[%clk 0:01:25]} 38. Nxf6 {[%clk 0:00:22]}  exd4 {[%clk 0:01:24]} 39. cxd4 {[%clk 0:00:20]}  hxg4 {[%clk 0:01:21]} 40. fxg4 {[%clk 0:00:17]}  Rxd4 {[%clk 0:01:21]} 41. Rb8+ {[%clk 0:00:17]}  Kg7 {[%clk 0:01:20]} 42. Be5 {[%clk 0:00:18]}  Rd1+ {[%clk 0:01:19]} 43. Kf2 {[%clk 0:00:18]}  Rd2+ {[%clk 0:01:15]} 44. Ke3 {[%clk 0:00:18]}  Ra2 {[%clk 0:01:15]} 45. Nh5+ {[%clk 0:00:18]}  Kh6 {[%clk 0:01:10]} 46. Bg7+ {[%clk 0:00:09]}  Kh7 {[%clk 0:01:08]} 47. Rh8# {[%clk 0:00:10]} 1-0

[Event "April 9 Late 2024"]
[Site "Chess.com"]
[Date "2024.04.09"]
[Round "2"]
[White "Danila Poliannikov"]
[Black "Laskakis, Konstantinos"]
[Result "0-1"]
[Board "144"]
[WhiteFideId "30935245"]
[BlackFideId "42134374"]
[WhiteTitle "FM"]
[WhiteElo "2509"]
[BlackElo "2313"]
[WhiteTeam "USA"]
[BlackTeam "GRE"]
[WhiteClock "0:00:31"]
[BlackClock "0:00:39"]
[Variant "Standard"]

1. Nf3 {[%clk 0:03:00]}  d6 {[%clk 0:02:59]} 2. d4 {[%clk 0:03:00]}  Nf6 {[%clk 0:03:00]} 3. Nc3 {[%clk 0:02:56]}  Nbd7 {[%clk 0:02:55]} 4. e4 {[%clk 0:02:54]}  e5 {[%clk 0:02:55]} 5. Bc4 {[%clk 0:02:54]}  Be7 {[%clk 0:02:55]} 6. O-O {[%clk 0:02:54]}  O-O {[%clk 0:02:55]} 7. Qe1 {[%clk 0:02:54]}  c6 {[%clk 0:02:51]} 8. a4 {[%clk 0:02:41]}  exd4 {[%clk 0:02:41]} 9. Nxd4 {[%clk 0:02:41]}  Re8 {[%clk 0:02:41]} 10. Bg5 {[%clk 0:02:28]}  Nxe4 {[%clk 0:02:22]} 11. Nxe4 {[%clk 0:02:00]}  Bxg5 {[%clk 0:02:21]} 12. Nxd6 {[%clk 0:01:29]}  Rxe1 {[%clk 0:02:11]} 13. Rfxe1 {[%clk 0:01:28]}  Nf6 {[%clk 0:01:05]} 14. Bxf7+ {[%clk 0:00:58]}  Kf8 {[%clk 0:00:56]} 15. Ne6+ {[%clk 0:00:45]}  Bxe6 {[%clk 0:00:53]} 16. Rxe6 {[%clk 0:00:46]}  Bf4 {[%clk 0:00:44]} 17. Rd1 {[%clk 0:00:36]}  Bxd6 {[%clk 0:00:41]} 18. Rdxd6 {[%clk 0:00:31]}  Qc7 {[%clk 0:00:39]} 0-1

[Event "April 9 Late 2024"]
[Site "Chess.com"]
[Date "2024.04.09"]
[Round "2"]
[White "Silva Lucena, Cristian"]
[Black "Andrew D Green"]
[Result "1-0"]
[Board "146"]
[WhiteFideId "2232588"]
[BlackFideId "2401762"]
[WhiteTitle "FM"]
[BlackTitle "CM"]
[WhiteElo "2502"]
[BlackElo "2308"]
[WhiteTeam "ESP"]
[BlackTeam "SCO"]
[WhiteClock "0:00:44"]
[BlackClock "0:00:00"]
[Variant "Standard"]

1. e4 {[%clk 0:03:00]}  Nf6 {[%clk 0:02:51]} 2. e5 {[%clk 0:03:00]}  Nd5 {[%clk 0:02:51]} 3. c4 {[%clk 0:03:01]}  Nb6 {[%clk 0:02:51]} 4. d4 {[%clk 0:03:02]}  d6 {[%clk 0:02:51]} 5. exd6 {[%clk 0:03:03]}  exd6 {[%clk 0:02:51]} 6. Nc3 {[%clk 0:03:03]}  Nc6 {[%clk 0:02:51]} 7. d5 {[%clk 0:03:01]}  Ne5 {[%clk 0:02:51]} 8. f4 {[%clk 0:03:01]}  Ned7 {[%clk 0:02:51]} 9. Nf3 {[%clk 0:02:58]}  Be7 {[%clk 0:02:51]} 10. Bd3 {[%clk 0:02:55]}  O-O {[%clk 0:02:51]} 11. O-O {[%clk 0:02:48]}  Nc5 {[%clk 0:02:47]} 12. Be2 {[%clk 0:02:47]}  a5 {[%clk 0:02:46]} 13. Be3 {[%clk 0:02:39]}  Re8 {[%clk 0:02:42]} 14. Bxc5 {[%clk 0:02:32]}  dxc5 {[%clk 0:02:43]} 15. Qd2 {[%clk 0:02:33]}  Bf6 {[%clk 0:02:33]} 16. Rad1 {[%clk 0:02:33]}  Bd7 {[%clk 0:02:10]} 17. Bd3 {[%clk 0:02:31]}  Na4 {[%clk 0:01:56]} 18. Nxa4 {[%clk 0:02:00]}  Bxa4 {[%clk 0:01:57]} 19. b3 {[%clk 0:02:01]}  Bd7 {[%clk 0:01:56]} 20. Rde1 {[%clk 0:02:00]}  a4 {[%clk 0:01:41]} 21. Ne5 {[%clk 0:01:59]}  axb3 {[%clk 0:01:36]} 22. axb3 {[%clk 0:02:00]}  Ra6 {[%clk 0:01:09]} 23. Qc2 {[%clk 0:01:40]}  g6 {[%clk 0:01:07]} 24. Qf2 {[%clk 0:01:35]}  Bc8 {[%clk 0:00:56]} 25. Qxc5 {[%clk 0:01:32]}  Ra2 {[%clk 0:00:37]} 26. Rf2 {[%clk 0:01:17]}  Rxf2 {[%clk 0:00:27]} 27. Qxf2 {[%clk 0:01:18]}  c6 {[%clk 0:00:25]} 28. Qc5 {[%clk 0:01:08]}  cxd5 {[%clk 0:00:19]} 29. Qxd5 {[%clk 0:01:07]}  Qb6+ {[%clk 0:00:16]} 30. c5 {[%clk 0:01:06]}  Qc7 {[%clk 0:00:13]} 31. Qd6 {[%clk 0:01:04]}  Qxd6 {[%clk 0:00:07]} 32. cxd6 {[%clk 0:01:03]}  Rd8 {[%clk 0:00:07]} 33. Bc4 {[%clk 0:00:55]}  Kg7 {[%clk 0:00:00]} 34. Rd1 {[%clk 0:00:44]} 1-0

[Event "April 9 Late 2024"]
[Site "Chess.com"]
[Date "2024.04.10"]
[Round "2"]
[White "Tang, Benjamin"]
[Black "Davidson, Kevin"]
[Result "1-0"]
[Board "147"]
[WhiteFideId "30964342"]
[BlackFideId "2056810"]
[WhiteTitle "FM"]
[WhiteElo "2308"]
[BlackElo "2501"]
[WhiteTeam "USA"]
[BlackTeam "USA"]
[WhiteClock "0:00:19"]
[BlackClock "0:00:00"]
[Variant "Standard"]

1. e4 {[%clk 0:03:00]}  c5 {[%clk 0:02:57]} 2. Nf3 {[%clk 0:03:00]}  d6 {[%clk 0:02:57]} 3. d4 {[%clk 0:02:59]}  cxd4 {[%clk 0:02:58]} 4. Nxd4 {[%clk 0:02:59]}  Nf6 {[%clk 0:02:58]} 5. Nc3 {[%clk 0:02:59]}  a6 {[%clk 0:02:58]} 6. Bc4 {[%clk 0:02:59]}  e6 {[%clk 0:02:57]} 7. O-O {[%clk 0:02:56]}  b5 {[%clk 0:02:56]} 8. Bb3 {[%clk 0:02:56]}  Be7 {[%clk 0:02:56]} 9. Qf3 {[%clk 0:02:55]}  Qb6 {[%clk 0:02:56]} 10. Be3 {[%clk 0:02:53]}  Qb7 {[%clk 0:02:56]} 11. Qg3 {[%clk 0:02:43]}  O-O {[%clk 0:02:53]} 12. Bh6 {[%clk 0:02:43]}  Ne8 {[%clk 0:02:52]} 13. Rad1 {[%clk 0:02:42]}  Kh8 {[%clk 0:02:50]} 14. Be3 {[%clk 0:02:39]}  Nf6 {[%clk 0:02:46]} 15. Rfe1 {[%clk 0:02:31]}  b4 {[%clk 0:02:34]} 16. Na4 {[%clk 0:02:10]}  Nxe4 {[%clk 0:02:32]} 17. Qf3 {[%clk 0:02:06]}  d5 {[%clk 0:02:16]} 18. Ne2 {[%clk 0:01:42]}  Nd7 {[%clk 0:02:02]} 19. Nf4 {[%clk 0:01:40]}  Ndc5 {[%clk 0:00:56]} 20. Nxc5 {[%clk 0:01:11]}  Nxc5 {[%clk 0:00:57]} 21. Bxc5 {[%clk 0:01:06]}  Bxc5 {[%clk 0:00:57]} 22. Nxd5 {[%clk 0:01:05]}  Bd7 {[%clk 0:00:42]} 23. Nf4 {[%clk 0:00:53]}  Qxf3 {[%clk 0:00:38]} 24. gxf3 {[%clk 0:00:53]}  Bc6 {[%clk 0:00:38]} 25. Kg2 {[%clk 0:00:54]}  a5 {[%clk 0:00:31]} 26. c3 {[%clk 0:00:51]}  bxc3 {[%clk 0:00:27]} 27. bxc3 {[%clk 0:00:51]}  a4 {[%clk 0:00:26]} 28. Bc2 {[%clk 0:00:51]}  Rab8 {[%clk 0:00:26]} 29. Be4 {[%clk 0:00:51]}  Bb5 {[%clk 0:00:16]} 30. Rb1 {[%clk 0:00:36]}  g6 {[%clk 0:00:14]} 31. Nd3 {[%clk 0:00:34]}  Be7 {[%clk 0:00:13]} 32. Nb4 {[%clk 0:00:31]}  Rfc8 {[%clk 0:00:12]} 33. Nc6 {[%clk 0:00:28]}  Bxc6 {[%clk 0:00:11]} 34. Rxb8 {[%clk 0:00:28]}  Rxb8 {[%clk 0:00:12]} 35. Bxc6 {[%clk 0:00:28]}  a3 {[%clk 0:00:12]} 36. Ba4 {[%clk 0:00:24]}  Rb2 {[%clk 0:00:11]} 37. Bb3 {[%clk 0:00:23]}  Bc5 {[%clk 0:00:11]} 38. Rf1 {[%clk 0:00:24]}  Kg7 {[%clk 0:00:11]} 39. Kg3 {[%clk 0:00:24]}  e5 {[%clk 0:00:07]} 40. f4 {[%clk 0:00:22]}  exf4+ {[%clk 0:00:06]} 41. Kxf4 {[%clk 0:00:22]}  Bxf2 {[%clk 0:00:06]} 42. h3 {[%clk 0:00:20]}  f5 {[%clk 0:00:05]} 43. Rd1 {[%clk 0:00:21]}  Kh6 {[%clk 0:00:02]} 44. Rd7 {[%clk 0:00:20]}  Bh4 {[%clk 0:00:02]} 45. Ra7 {[%clk 0:00:20]}  Bg5+ {[%clk 0:00:02]} 46. Kf3 {[%clk 0:00:20]}  Bc1 {[%clk 0:00:01]} 47. Ra4 {[%clk 0:00:19]}  Rh2 {[%clk 0:00:01]} 48. h4 {[%clk 0:00:19]}  Bb2 {[%clk 0:00:00]} 49. Bg8 {[%clk 0:00:19]} 1-0

[Event "April 9 Late 2024"]
[Site "Chess.com"]
[Date "2024.04.09"]
[Round "2"]
[White "Bence Papp"]
[Black "Miller, Luke C"]
[Result "1-0"]
[Board "149"]
[WhiteFideId "788384"]
[BlackFideId "2096935"]
[WhiteTitle "FM"]
[WhiteElo "2293"]
[BlackElo "2497"]
[WhiteTeam "HUN"]
[BlackTeam "USA"]
[WhiteClock "0:00:09"]
[BlackClock "0:00:13"]
[Variant "Standard"]

1. e4 {[%clk 0:02:59]}  c5 {[%clk 0:02:58]} 2. Nf3 {[%clk 0:02:59]}  d6 {[%clk 0:02:59]} 3. d4 {[%clk 0:02:59]}  cxd4 {[%clk 0:03:00]} 4. Nxd4 {[%clk 0:02:59]}  Nf6 {[%clk 0:03:00]} 5. Nc3 {[%clk 0:02:59]}  g6 {[%clk 0:03:01]} 6. Be3 {[%clk 0:02:57]}  Bg7 {[%clk 0:03:01]} 7. f3 {[%clk 0:02:56]}  O-O {[%clk 0:03:02]} 8. Qd2 {[%clk 0:02:57]}  Nc6 {[%clk 0:03:02]} 9. O-O-O {[%clk 0:02:56]}  Bd7 {[%clk 0:03:03]} 10. g4 {[%clk 0:02:46]}  Rc8 {[%clk 0:03:01]} 11. Kb1 {[%clk 0:02:46]}  Ne5 {[%clk 0:02:55]} 12. h4 {[%clk 0:02:26]}  h5 {[%clk 0:02:54]} 13. gxh5 {[%clk 0:01:39]}  Nxh5 {[%clk 0:02:53]} 14. Rg1 {[%clk 0:01:30]}  a6 {[%clk 0:02:47]} 15. Rg5 {[%clk 0:01:19]}  b5 {[%clk 0:02:45]} 16. Bd3 {[%clk 0:00:51]}  Nc4 {[%clk 0:02:35]} 17. Bxc4 {[%clk 0:00:49]}  Rxc4 {[%clk 0:02:36]} 18. Rxh5 {[%clk 0:00:40]}  gxh5 {[%clk 0:02:34]} 19. Bh6 {[%clk 0:00:39]}  Bf6 {[%clk 0:01:38]} 20. Nf5 {[%clk 0:00:23]}  Bxf5 {[%clk 0:01:26]} 21. exf5 {[%clk 0:00:23]}  Kh7 {[%clk 0:01:23]} 22. Nd5 {[%clk 0:00:21]}  Bxh4 {[%clk 0:01:10]} 23. Bxf8 {[%clk 0:00:17]}  Qxf8 {[%clk 0:01:10]} 24. Qh2 {[%clk 0:00:17]}  Qh6 {[%clk 0:00:38]} 25. f4 {[%clk 0:00:15]}  e6 {[%clk 0:00:31]} 26. Qxh4 {[%clk 0:00:10]}  exd5 {[%clk 0:00:28]} 27. Qe7 {[%clk 0:00:10]}  Qg7 {[%clk 0:00:16]} 28. Rh1 {[%clk 0:00:09]}  Rxf4 {[%clk 0:00:10]} 29. Rxh5+ {[%clk 0:00:08]}  Kg8 {[%clk 0:00:10]} 30. Qe8+ {[%clk 0:00:09]}  Qf8 {[%clk 0:00:10]} 31. Rh8+ {[%clk 0:00:09]}  Kxh8 {[%clk 0:00:09]} 32. Qxf8+ {[%clk 0:00:09]}  Kh7 {[%clk 0:00:10]} 33. Qxf7+ {[%clk 0:00:10]}  Kh6 {[%clk 0:00:11]} 34. a3 {[%clk 0:00:10]}  Kg5 {[%clk 0:00:11]} 35. Qxd5 {[%clk 0:00:10]}  Rxf5 {[%clk 0:00:12]} 36. Qxd6 {[%clk 0:00:10]}  a5 {[%clk 0:00:12]} 37. Qc6 {[%clk 0:00:09]}  a4 {[%clk 0:00:13]} 38. Qb6 {[%clk 0:00:09]}  Kf4 {[%clk 0:00:13]} 39. c4 {[%clk 0:00:09]}  Ke4 {[%clk 0:00:13]} 40. cxb5 {[%clk 0:00:09]} 1-0

[Event "April 9 Late 2024"]
[Site "Chess.com"]
[Date "2024.04.09"]
[Round "2"]
[White "Liu, Yi"]
[Black "Dubreuil, Julien"]
[Result "1-0"]
[Board "152"]
[WhiteFideId "3210588"]
[BlackFideId "621285"]
[WhiteTitle "FM"]
[BlackTitle "FM"]
[WhiteElo "2495"]
[BlackElo "2284"]
[WhiteTeam "AUS"]
[BlackTeam "FRA"]
[WhiteClock "0:00:15"]
[BlackClock "0:00:03"]
[Variant "Standard"]

1. e4 {[%clk 0:03:00]}  c5 {[%clk 0:03:00]} 2. Nf3 {[%clk 0:03:01]}  Nc6 {[%clk 0:03:00]} 3. Bb5 {[%clk 0:03:00]}  e6 {[%clk 0:03:00]} 4. Bxc6 {[%clk 0:02:59]}  bxc6 {[%clk 0:03:01]} 5. O-O {[%clk 0:02:58]}  d6 {[%clk 0:03:01]} 6. d3 {[%clk 0:02:58]}  e5 {[%clk 0:03:01]} 7. Nc3 {[%clk 0:02:57]}  Be7 {[%clk 0:02:57]} 8. h3 {[%clk 0:02:53]}  f5 {[%clk 0:02:56]} 9. exf5 {[%clk 0:02:34]}  Bxf5 {[%clk 0:02:55]} 10. Nd2 {[%clk 0:02:26]}  Nf6 {[%clk 0:02:49]} 11. f4 {[%clk 0:02:25]}  Nd5 {[%clk 0:02:19]} 12. Nxd5 {[%clk 0:02:20]}  cxd5 {[%clk 0:02:19]} 13. fxe5 {[%clk 0:02:19]}  O-O {[%clk 0:02:20]} 14. exd6 {[%clk 0:02:10]}  Bxd6 {[%clk 0:02:19]} 15. Nf3 {[%clk 0:02:05]}  Rb8 {[%clk 0:02:17]} 16. Bg5 {[%clk 0:01:49]}  Qb6 {[%clk 0:02:08]} 17. b3 {[%clk 0:01:42]}  Bc7 {[%clk 0:01:42]} 18. Nh4 {[%clk 0:01:30]}  Be6 {[%clk 0:01:15]} 19. Rxf8+ {[%clk 0:00:30]}  Rxf8 {[%clk 0:01:14]} 20. Nf3 {[%clk 0:00:29]}  Qd6 {[%clk 0:01:07]} 21. Qe2 {[%clk 0:00:25]}  Bd7 {[%clk 0:00:56]} 22. Be7 {[%clk 0:00:21]}  Qg6 {[%clk 0:00:09]} 23. Bxf8 {[%clk 0:00:20]}  Kxf8 {[%clk 0:00:10]} 24. Re1 {[%clk 0:00:19]}  Bd6 {[%clk 0:00:11]} 25. Ne5 {[%clk 0:00:15]}  Bxe5 {[%clk 0:00:08]} 26. Qxe5 {[%clk 0:00:16]}  Bc6 {[%clk 0:00:05]} 27. Qe7+ {[%clk 0:00:15]}  Kg8 {[%clk 0:00:03]} 28. Qd8+ {[%clk 0:00:15]} 1-0

[Event "April 9 Late 2024"]
[Site "Chess.com"]
[Date "2024.04.09"]
[Round "2"]
[White "Ghimoyan, Narek"]
[Black "Rohwer, Paul"]
[Result "1-0"]
[Board "154"]
[WhiteFideId "13315412"]
[BlackFideId "2007827"]
[WhiteTitle "CM"]
[WhiteElo "2491"]
[BlackElo "2280"]
[WhiteTeam "ARM"]
[BlackTeam "USA"]
[WhiteClock "0:01:59"]
[BlackClock "0:01:22"]
[Variant "Standard"]

1. d4 {[%clk 0:03:00]}  c5 {[%clk 0:02:59]} 2. d5 {[%clk 0:03:00]}  Nf6 {[%clk 0:03:00]} 3. Nc3 {[%clk 0:03:00]}  e5 {[%clk 0:03:00]} 4. e4 {[%clk 0:02:58]}  d6 {[%clk 0:03:00]} 5. Bb5+ {[%clk 0:02:59]}  Nbd7 {[%clk 0:02:58]} 6. a4 {[%clk 0:02:58]}  a6 {[%clk 0:02:59]} 7. Be2 {[%clk 0:02:58]}  Be7 {[%clk 0:02:58]} 8. Nf3 {[%clk 0:02:59]}  O-O {[%clk 0:02:59]} 9. O-O {[%clk 0:02:59]}  Ne8 {[%clk 0:02:59]} 10. Nd2 {[%clk 0:02:59]}  Bg5 {[%clk 0:02:57]} 11. Nc4 {[%clk 0:02:59]}  Bxc1 {[%clk 0:02:56]} 12. Qxc1 {[%clk 0:02:59]}  Rb8 {[%clk 0:02:54]} 13. a5 {[%clk 0:02:59]}  g6 {[%clk 0:02:53]} 14. f4 {[%clk 0:02:54]}  exf4 {[%clk 0:02:52]} 15. Qxf4 {[%clk 0:02:55]}  Qe7 {[%clk 0:02:44]} 16. Rae1 {[%clk 0:02:51]}  Ndf6 {[%clk 0:02:28]} 17. Nxd6 {[%clk 0:02:39]}  Nxd6 {[%clk 0:02:18]} 18. Qxf6 {[%clk 0:02:37]}  Qd7 {[%clk 0:02:13]} 19. e5 {[%clk 0:02:32]}  Ne8 {[%clk 0:02:07]} 20. Qf2 {[%clk 0:02:25]}  Qc7 {[%clk 0:02:05]} 21. d6 {[%clk 0:02:21]}  Qxa5 {[%clk 0:02:04]} 22. Bc4 {[%clk 0:02:17]}  Ng7 {[%clk 0:01:51]} 23. Nd5 {[%clk 0:02:12]}  Be6 {[%clk 0:01:44]} 24. Nf6+ {[%clk 0:02:05]}  Kh8 {[%clk 0:01:43]} 25. Qh4 {[%clk 0:02:02]}  h5 {[%clk 0:01:22]} 26. Qg5 {[%clk 0:01:59]} 1-0